|
|
|
|
| LEADER |
00000cam a2200000 7i4500 |
| 001 |
0000055621 |
| 005 |
20151124.0 |
| 008 |
151124 |
| 020 |
|
|
|a 9832561213 (set)
|
| 020 |
|
|
|a 9832561221
|
| 090 |
0 |
0 |
|a NS
|b MAL
|
| 100 |
1 |
|
|a A.Ghani Abdullah
|
| 245 |
1 |
0 |
|a Air tenang jangan disangka tiada buaya
|c A.Ghani Abdullah
|
| 260 |
|
|
|a Selangor :
|b Maximseri Design Sdn Bhd ,
|c 2002
|
| 490 |
1 |
|
|a Siri peribahasa
|
| 650 |
|
0 |
|a Malay fiction
|
| 999 |
|
|
|a 0000002050
|b Book
|c Children Collection
|e Cawangan Taman Universiti
|
| 999 |
|
|
|a 0000882648
|b Book
|c Children Collection
|e Cawangan Tmn. Ungku Tun Aminah
|
| 999 |
|
|
|a 0000882650
|b Book
|c Children Collection
|e Cawangan Segamat
|
| 999 |
|
|
|a 0000882651
|b Book
|c Children Collection
|e Cawangan Pontian
|
| 999 |
|
|
|a 0000882653
|b Book
|c Children Collection
|e Cawangan Bandar Penawar
|